01056cam a2200325 4500001001400000005001700014008004100031020003100072040002300103041001300126044001100139072004800150080002500198080002100223100002100244240003200265245007700297250001900374264002700393300003700420336002600457337002900483338002900512500003300541655003100574655003000605655003100635655002800666700003600694vtls01224346820260506085051.0231107s2023 xo e 000 f slo  a9788055189802q(viazané) aSNKbslocSNKerda1 asloheng axocSK 7a821.111(73)-3xAmerická próza2konspekt a821.111(73)-3122011 a(0:82-993)220111 aKeeland, Vi4aut14aThe boss projectlSlovensky10aProjekt šéfcVi Keelandová ; preložila Andrea Vargovčíková aPrvé vydanie 1aBratislavabIkarc2023 a340 stránbilustráciec21 cm atextbtxt2rdacontent abez médiabn2rdamedia azväzokbnc2rdacarrier aPreložené z angličtiny 7aamerické romány2SNKPH 7aAmerican novels2SNKPHeng 7aerotické romány2SNKPH 7aErotic novels2SNKPHeng1 aVargovčíková, Andrea4trl